| 000 | 00718nam a2200217 4500 | ||
|---|---|---|---|
| 001 | 116481 | ||
| 003 | ES-MaACL | ||
| 005 | 20260623174045.0 | ||
| 007 | t| | ||
| 008 | 061121s1960 sp r ||||1| spa d | ||
| 100 | 1 |
_aParrot, André. _989273 |
|
| 245 | 1 | 0 |
_aSumer / _cAndré Parrot ; prefacio de André Malraux ; traducción de Arturo del Hoyo. |
| 260 |
_aMadrid : _bAguilar, _c1960. |
||
| 300 |
_aXLIX, 399 p. con 24 lám. neg. y col. y 2 map. ; _c28 cm. |
||
| 490 | 1 | _aEl universo de las formas | |
| 700 | 1 |
_aMalraux, André, _d1901-1976 _975859 |
|
| 700 | 1 |
_aHoyo, Arturo del, _d1917-2004 _964424 |
|
| 830 | 0 |
_aEl universo de las formas _9181490 |
|
| 852 |
_aES-MaACL _jE-6960 _bR.51282 |
||
| 999 |
_c116481 _d116481 |
||